[Event "POL-chT Academic"]
[Site "Chorzow"]
[Date "2022.04.02"]
[Round "1.11"]
[White "Rowinski, Marek"]
[Black "Dabrowska, Aleksandra"]
[Result "0-1"]
[WhiteElo "1451"]
[BlackElo "1552"]
[PlyCount "68"]
[EventDate "2022.04.02"]
[EventType "team-swiss (rapid)"]
[EventRounds "9"]
[EventCountry "POL"]
[SourceTitle "EXT 2024"]
[Source "ChessBase"]
[SourceDate "2023.10.10"]
[SourceVersion "1"]
[SourceVersionDate "2023.10.10"]
[SourceQuality "1"]

1. d4 Nf6 2. c4 g6 3. Nc3 Bg7 4. e4 d6 5. f4 0-0 6. Nf3 Nc6 7. Bd3 Bg4 8. Be3 Nd7 9. Be2 Bxf3 10. Bxf3 e5 11. fxe5 dxe5 12. d5 Ne7 13. 0-0 f5 14. Qd2 f4 15. Bf2 g5 16. Bg4 Nf6 17. Be6+ Kh8 18. a4 b6 19. a5 Ng6 20. axb6 axb6 21. Rxa8 Qxa8 22. Nb5 Nxe4 23. Qc2 Nxf2 24. Rxf2 Qb7 25. Qe4 Ra8 26. g3 Bf8 27. Kg2 Bc5 28. Re2 Rf8 29. Bf5 Bd6 30. Rf2 Ne7 31. Bxh7 Rf7 32. Bg6 Rf6 33. g4 Nxg6 34. Rf3 Nh4+ 0-1

[Event "POL-ch rapid (Women)"]
[Site "Bydgoszcz"]
[Date "2020.12.13"]
[Round "3"]
[White "Kawa, Anna"]
[Black "Dabrowska, Aleksandra"]
[Result "0-1"]
[WhiteElo "1210"]
[BlackElo "1604"]
[PlyCount "112"]
[EventDate "2020.12.13"]
[EventType "swiss (rapid)"]
[EventRounds "9"]
[EventCountry "POL"]
[SourceTitle "CBM 199 Extra"]
[Source "ChessBase"]
[SourceDate "2021.01.31"]
[SourceVersion "1"]
[SourceVersionDate "2021.01.31"]
[SourceQuality "1"]

1. e4 c6 2. d4 d5 3. exd5 cxd5 4. Bd3 Nc6 5. c3 Nf6 6. Bf4 Bg4 7. Qb3 Qc8 8. Nd2 e6 9. Ngf3 Nh5 10. Be3 Bd6 11. h3 Bxf3 12. Nxf3 Nf4 13. Bxf4 Bxf4 14. 0-0 0-0 15. Rfe1 Qc7 16. Qc2 h6 17. a3 Bd6 18. Bb5 Ne7 19. Ne5 Bxe5 20. Rxe5 Ng6 21. Ree1 Rac8 22. Bd3 Nf4 23. Bf1 a6 24. g3 Ng6 25. Bg2 Ne7 26. Rad1 Qb6 27. Qd2 Qc7 28. Qe3 Ng6 29. h4 Qb6 30. Qd2 Rfe8 31. Rc1 Qb3 32. Qc2 Qb6 33. Qd2 Qc7 34. Qd3 b5 35. Ra1 Qd7 36. Qd1 a5 37. Qb3 Rb8 38. Bf1 Ne7 39. Reb1 Nf5 40. a4 bxa4 41. Qxa4 Qxa4 42. Rxa4 Ra8 43. Bb5 Reb8 44. Bc6 Ra6 45. Bd7 Rd6 46. Bxe6 fxe6 47. Rxa5 Rdb6 48. b4 Nd6 49. Re1 Kf7 50. Ra7+ Kf6 51. Kg2 Rc6 52. Ra3 Nb5 53. Rb3 Rxc3 54. Rxc3 Nxc3 55. Rc1 Na2 56. Ra1 Nxb4 0-1

[Event "POL-ch blitz (Women)"]
[Site "Bydgoszcz"]
[Date "2020.12.12"]
[Round "3"]
[White "Goraj, Barbara"]
[Black "Dabrowska, Aleksandra"]
[Result "1-0"]
[WhiteElo "2078"]
[BlackElo "1604"]
[PlyCount "55"]
[EventDate "2020.12.12"]
[EventType "swiss (blitz)"]
[EventRounds "11"]
[EventCountry "POL"]
[SourceTitle "CBM 199 Extra"]
[Source "ChessBase"]
[SourceDate "2021.01.31"]
[SourceVersion "1"]
[SourceVersionDate "2021.01.31"]
[SourceQuality "1"]

1. e4 c6 2. d4 d5 3. exd5 cxd5 4. Bd3 Nc6 5. c3 Nf6 6. h3 e6 7. Nf3 Bd6 8. 0-0 0-0 9. Re1 Qc7 10. Bg5 e5 11. dxe5 Nxe5 12. Nxe5 Bxe5 13. Nd2 h6 14. Be3 Bf4 15. Bd4 Bd7 16. Nf3 Rfe8 17. Qb3 Bc6 18. Bxf6 gxf6 19. Nd4 b6 20. Qc2 Kg7 21. Nf5+ Kg8 22. g3 Be5 23. Nxh6+ Kg7 24. Nf5+ Kg8 25. Qe2 Kh8 26. Qh5+ Kg8 27. Qg4+ Kf8 28. Qg7# 1-0

[Event "POL-ch blitz (Women)"]
[Site "Bydgoszcz"]
[Date "2020.12.12"]
[Round "9"]
[White "Rykala, Monika"]
[Black "Dabrowska, Aleksandra"]
[Result "0-1"]
[WhiteElo "1883"]
[BlackElo "1604"]
[PlyCount "69"]
[EventDate "2020.12.12"]
[EventType "swiss (blitz)"]
[EventRounds "11"]
[EventCountry "POL"]
[SourceTitle "CBM 199 Extra"]
[Source "ChessBase"]
[SourceDate "2021.01.31"]
[SourceVersion "1"]
[SourceVersionDate "2021.01.31"]
[SourceQuality "1"]

1. d4 Nf6 2. c4 g6 3. Nc3 Bg7 4. e4 d6 5. f4 0-0 6. Nf3 Nbd7 7. Bd3 c5 8. d5 a6 9. 0-0 Qc7 10. Bd2 e6 11. Rc1 Ne8 12. Qc2 Nb6 13. Rb1 f5 14. exf5 exf5 15. Rfe1 Nf6 16. Ng5 h6 17. Ne6 Bxe6 18. Rxe6 Rfe8 19. Rbe1 Kf8 20. Qd1 Rad8 21. b3 Rd7 22. Rxe8+ Nxe8 23. Ne2 Nf6 24. Ng3 Re7 25. Ba5 Rxe1+ 26. Qxe1 Nfd7 27. Qe6 Qb8 28. Qxg6 Qd8 29. Qxf5+ Kg8 30. Qe6+ Kh8 31. Nf5 Qf8 32. Nxd6 Bd4+ 33. Kh1 Qxf4 34. Nf7+ Kg7 35. Qxh6+ 0-1

[Event "POL-ch rapid"]
[Site "Trzcianka"]
[Date "2020.10.18"]
[Round "1"]
[White "Brodowski, Piotr"]
[Black "Dabrowska, Aleksandra"]
[Result "1-0"]
[WhiteElo "2439"]
[BlackElo "1604"]
[PlyCount "99"]
[EventDate "2020.10.18"]
[EventType "swiss (rapid)"]
[EventRounds "9"]
[EventCountry "POL"]
[SourceTitle "CBM 198 Extra"]
[Source "ChessBase"]
[SourceDate "2020.11.30"]
[SourceVersion "1"]
[SourceVersionDate "2020.11.30"]
[SourceQuality "1"]

1. d4 Nf6 2. Bg5 g6 3. Nd2 Bg7 4. e4 d6 5. Bd3 e5 6. dxe5 dxe5 7. Ngf3 Nbd7 8. 0-0 0-0 9. Nc4 Qe7 10. a4 h6 11. Bh4 a5 12. Qe1 b6 13. Qc3 Re8 14. Rfe1 Bb7 15. Rad1 g5 16. Bg3 Nh5 17. Ne3 Nxg3 18. hxg3 Nc5 19. Nf5 Qf6 20. b3 Rad8 21. Nd2 Bc8 22. Ne3 Bb7 23. g4 Rf8 24. Nf5 Rfe8 25. Bb5 Rf8 26. Qe3 Kh7 27. Bd3 Kg8 28. Nf1 Bc8 29. N1g3 Bxf5 30. Nxf5 Ne6 31. c3 Nf4 32. Bf1 Kh7 33. g3 Ne6 34. Bc4 Nc5 35. Kg2 Rxd1 36. Rxd1 Kg8 37. b4 axb4 38. cxb4 Ne6 39. Rd7 Rd8 40. Bxe6 Rxd7 41. Bxd7 Bf8 42. Qd2 Kh7 43. Ne3 Bd6 44. Bf5+ Kg7 45. Nc4 Qe7 46. Nxd6 cxd6 47. Qd5 Qc7 48. a5 bxa5 49. bxa5 Qa7 50. Qb5 1-0

[Event "POL-chT 2nd League"]
[Site "Poronin"]
[Date "2020.09.08"]
[Round "4.20"]
[White "Siwek, Kinga"]
[Black "Dabrowska, Aleksandra"]
[Result "0-1"]
[WhiteElo "1804"]
[BlackElo "1566"]
[PlyCount "124"]
[EventDate "2020.09.05"]
[EventType "team-swiss"]
[EventRounds "9"]
[EventCountry "POL"]
[SourceTitle "CBM 198 Extra"]
[Source "ChessBase"]
[SourceDate "2020.11.30"]
[SourceVersion "1"]
[SourceVersionDate "2020.11.30"]
[SourceQuality "1"]
[WhiteTeam "Staniatki Goniec"]
[BlackTeam "Siedlce KSz Skoczek"]
[WhiteTeamCountry "POL"]
[BlackTeamCountry "POL"]

1. e4 c6 2. d4 d5 3. Nc3 dxe4 4. Nxe4 Bf5 5. Ng3 Bg6 6. Nf3 Nd7 7. h4 h6 8. h5 Bh7 9. Bd3 Bxd3 10. Qxd3 e6 11. Bd2 Qc7 12. 0-0-0 0-0-0 13. Rhe1 Ngf6 14. Qe2 Bd6 15. Ne5 Rhf8 16. f4 c5 17. dxc5 Bxc5 18. Nd3 Bd6 19. Ne4 Nxe4 20. Qxe4 Nf6 21. Qa4 Kb8 22. Be3 b6 23. Ne5 Rc8 24. c3 Bxe5 25. fxe5 Nd5 26. Bd2 Qc4 27. Re4 Qxa4 28. Rxa4 Rc7 29. Rg4 f6 30. Rf1 Kb7 31. Kb1 b5 32. Rf3 Rff7 33. exf6 Rxf6 34. Rxf6 Nxf6 35. Rb4 Rc5 36. g4 a5 37. Rf4 e5 38. Rf5 Nxg4 39. Kc2 Rc7 40. Kd3 Kc6 41. Ke2 Rd7 42. Be1 e4 43. Rf4 Nf6 44. Bh4 Nxh5 45. Rxe4 g5 46. Bf2 Nf4+ 47. Kf3 Nd3 48. Bd4 Nxb2 49. Re6+ Rd6 50. Re8 Nc4 51. Rc8+ Kd7 52. Rc5 Na3 53. Kg4 Ra6 54. Kh5 b4 55. cxb4 axb4 56. Rf5 Nc2 57. Bg7 Rxa2 58. Kxh6 Ne3 59. Rb5 g4 60. Bd4 Nc2 61. Bc5 Kc6 62. Bg1 Ra1 0-1

[Event "Trzcianka Dziedzic Memorial 9th"]
[Site "Trzcianka"]
[Date "2019.10.13"]
[Round "1"]
[White "Socko, Monika"]
[Black "Dabrowska, Aleksandra"]
[Result "1-0"]
[WhiteElo "2386"]
[BlackElo "1463"]
[PlyCount "80"]
[EventDate "2019.10.13"]
[EventType "swiss (rapid)"]
[EventRounds "9"]
[EventCountry "POL"]
[SourceTitle "CBM 192 Extra"]
[Source "Chessbase"]
[SourceDate "2019.11.06"]
[SourceVersion "1"]
[SourceVersionDate "2019.11.06"]
[SourceQuality "1"]

1. d4 Nf6 2. c4 g6 3. Nf3 Bg7 4. g3 d6 5. Bg2 Nbd7 6. Nc3 0-0 7. 0-0 e5 8. Qc2 Qe7 9. Rd1 a6 10. b3 Re8 11. a4 Rb8 12. e4 b6 13. dxe5 dxe5 14. Nd5 Nxd5 15. cxd5 Nc5 16. Ba3 Qd8 17. Rac1 Bh6 18. b4 Bxc1 19. Rxc1 Nd7 20. h4 h5 21. Qd2 Kg7 22. Rc2 Nf6 23. Qe3 Ng4 24. Qe2 Bd7 25. b5 axb5 26. axb5 Ra8 27. Bb4 Ra1+ 28. Ne1 Qb8 29. f3 Nf6 30. Bc3 Rb1 31. Rb2 Rxb2 32. Qxb2 Qa7 33. Bxe5 Qa5 34. Bxf6+ Kh7 35. Nd3 Bxb5 36. Nf4 Qe1+ 37. Kh2 Bd7 38. Bg5 Ra8 39. Qf6 Be8 40. Bh6 Qa1 1-0

[Event "Warsaw YMCA Winter-C 211st"]
[Site "Warsaw"]
[Date "2019.01.23"]
[Round "3"]
[White "Dabrowska, Aleksandra"]
[Black "Bartczak, Hanna"]
[Result "1-0"]
[WhiteElo "1490"]
[BlackElo "1456"]
[PlyCount "99"]
[EventDate "2019.01.09"]
[EventType "tourn"]
[EventRounds "13"]
[EventCountry "POL"]
[SourceTitle "EXT 2021"]
[Source "ChessBase"]
[SourceDate "2020.10.23"]
[SourceVersion "1"]
[SourceVersionDate "2020.10.23"]
[SourceQuality "1"]

1. c4 c5 2. g3 g6 3. Bg2 Bg7 4. Nc3 Nf6 5. e3 0-0 6. Nge2 d6 7. d4 Na6 8. 0-0 Nc7 9. e4 cxd4 10. Nxd4 Rb8 11. b3 Ne6 12. Nde2 Nc5 13. Rb1 Bd7 14. h3 Bc6 15. Qc2 a6 16. b4 Ne6 17. b5 Bd7 18. Be3 Nc5 19. Bxc5 dxc5 20. a4 Qc8 21. Kh2 b6 22. Rbd1 e5 23. Nd5 Nxd5 24. exd5 a5 25. Qd2 Qd8 26. Nc3 f5 27. f3 Qf6 28. Ne2 Qd6 29. Kh1 Rbe8 30. Kh2 Re7 31. Rde1 Be8 32. Nc1 Bf7 33. Rf2 Rfe8 34. Rfe2 h6 35. Nb3 Kh7 36. Nxa5 bxa5 37. Qxa5 e4 38. fxe4 Be5 39. Rf1 Bxg3+ 40. Kh1 g5 41. Qd2 Bg6 42. a5 f4 43. Qd3 g4 44. hxg4 Qf6 45. Qxg3 Rxe4 46. Bxe4 Rxe4 47. Rxe4 Bxe4+ 48. Kg1 f3 49. Qc7+ Kg6 50. Qc6 1-0

[Event "Warsaw YMCA Autumn-C 207th"]
[Site "Warsaw"]
[Date "2018.12.11"]
[Round "13"]
[White "Kuznik, Kamil"]
[Black "Dabrowska, Aleksandra"]
[Result "0-1"]
[WhiteElo "1553"]
[BlackElo "1400"]
[PlyCount "76"]
[EventDate "2018.09.18"]
[EventType "tourn"]
[EventRounds "13"]
[EventCountry "POL"]
[SourceTitle "EXT 2021"]
[Source "ChessBase"]
[SourceDate "2020.10.23"]
[SourceVersion "1"]
[SourceVersionDate "2020.10.23"]
[SourceQuality "1"]

1. e4 g6 2. d4 Bg7 3. Nf3 e6 4. Nc3 Ne7 5. Be3 b6 6. Qd2 Bb7 7. Bh6 0-0 8. Be2 d6 9. 0-0-0 a6 10. h4 Kh8 11. Bxg7+ Kxg7 12. h5 Ng8 13. hxg6 h6 14. gxf7 Rxf7 15. e5 Bxf3 16. Bxf3 d5 17. Bg4 Qe7 18. Rh3 Kf8 19. Rdh1 Rg7 20. Bh5 Qd8 21. f4 Ke7 22. f5 exf5 23. Qf4 Nc6 24. Qxf5 Nxd4 25. Qd3 c5 26. Bf3 Nxf3 27. Nxd5+ Ke8 28. Qxf3 Qg5+ 29. Kb1 Rb8 30. Rf1 Kd7 31. Nf6+ Nxf6 32. exf6 Rf7 33. Rh5 Qg6 34. Qd5+ Kc7 35. Re5 Rd8 36. Qf3 Rd2 37. Re4 Rxf6 38. Qxf6 Qxf6 0-1

[Event "Warsaw YMCA Autumn-C 207th"]
[Site "Warsaw"]
[Date "2018.11.13"]
[Round "9"]
[White "Rak, Jacek"]
[Black "Dabrowska, Aleksandra"]
[Result "1-0"]
[WhiteElo "1428"]
[BlackElo "1400"]
[PlyCount "45"]
[EventDate "2018.09.18"]
[EventType "tourn"]
[EventRounds "13"]
[EventCountry "POL"]
[SourceTitle "EXT 2021"]
[Source "ChessBase"]
[SourceDate "2020.10.23"]
[SourceVersion "1"]
[SourceVersionDate "2020.10.23"]
[SourceQuality "1"]

1. d4 Nf6 2. Nc3 d5 3. Bf4 a6 4. Nf3 Nc6 5. e3 Bf5 6. Bd3 Bg6 7. 0-0 e6 8. a3 Bd6 9. Bg3 Ne7 10. Ne5 c5 11. dxc5 Bxc5 12. Nxg6 hxg6 13. e4 Rc8 14. exd5 Nexd5 15. Nxd5 Qxd5 16. Qe2 Qd7 17. Rad1 Qe7 18. Rfe1 Nh5 19. Qg4 Nxg3 20. hxg3 Rh6 21. b4 Ba7 22. Qf3 Rc3 23. Bb5+ 1-0

[Event "Warsaw YMCA Autumn-C 207th"]
[Site "Warsaw"]
[Date "2018.10.24"]
[Round "6"]
[White "Dabrowska, Aleksandra"]
[Black "Kwiek, Janusz"]
[Result "1-0"]
[WhiteElo "1400"]
[BlackElo "1590"]
[PlyCount "91"]
[EventDate "2018.09.18"]
[EventType "tourn"]
[EventRounds "13"]
[EventCountry "POL"]
[SourceTitle "EXT 2021"]
[Source "ChessBase"]
[SourceDate "2020.10.23"]
[SourceVersion "1"]
[SourceVersionDate "2020.10.23"]
[SourceQuality "1"]

1. c4 c5 2. Nc3 Nf6 3. g3 g6 4. Bg2 Bg7 5. e4 d6 6. Nge2 Nc6 7. 0-0 Bd7 8. h3 0-0 9. d3 Rb8 10. Rb1 a6 11. b3 Qc8 12. Kh2 b5 13. Qd2 b4 14. Nd1 a5 15. Bb2 e5 16. f4 Nd4 17. fxe5 dxe5 18. Bxd4 exd4 19. Nf4 Bc6 20. Nd5 Qe6 21. Qg5 Nd7 22. Nf2 f6 23. Qd2 Ne5 24. Nc7 Qd7 25. Na6 Rbe8 26. Nxc5 Qe7 27. Na4 f5 28. Rbe1 fxe4 29. Nxe4 Rxf1 30. Rxf1 Bxa4 31. bxa4 Rf8 32. Rxf8+ Qxf8 33. Qe2 Qe8 34. Nc5 h5 35. Bd5+ Kh7 36. Ne6 Bf6 37. Nxd4 Qxa4 38. Qf2 Bg7 39. Be4 Qd1 40. Qe2 Qc1 41. Qxh5+ Kg8 42. Bd5+ Kf8 43. Ne6+ Ke7 44. Qe2 Bh6 45. Qxe5 Be3 46. Qg7+ 1-0

[Event "POL-chT U19 2nd League"]
[Site "Iwonicz"]
[Date "2016.07.31"]
[Round "11.77"]
[White "Parol, Pola"]
[Black "Dabrowska, Aleksandra"]
[Result "1-0"]
[WhiteElo "1817"]
[BlackElo "1371"]
[PlyCount "109"]
[EventDate "2016.07.23"]
[EventType "team-swiss"]
[EventRounds "11"]
[EventCountry "POL"]
[SourceTitle "EXT 2019"]
[Source "ChessBase"]
[SourceDate "2018.10.10"]
[SourceVersion "1"]
[SourceVersionDate "2018.10.10"]
[SourceQuality "1"]
[WhiteTeam "Minsk Mazowiecki MTSz U19"]
[BlackTeam "Zielonka Zieloni U20"]
[WhiteTeamCountry "POL"]
[BlackTeamCountry "POL"]

1. e4 e5 2. Nf3 Nc6 3. Bb5 a6 4. Ba4 b5 5. Bb3 Bc5 6. 0-0 d6 7. c3 Bg4 8. Bd5 Nge7 9. Bxf7+ Kd7 10. b4 Bb6 11. Qb3 Kc8 12. Be6+ Bxe6 13. Qxe6+ Qd7 14. Qxd7+ Kxd7 15. d3 Ng6 16. Be3 Ba7 17. Bxa7 Rxa7 18. g3 Rf8 19. Nbd2 Raa8 20. Kg2 h6 21. d4 Rae8 22. d5 Nce7 23. c4 bxc4 24. Nxc4 Nc8 25. Rac1 Na7 26. Na5 Ne7 27. a4 Rb8 28. Rc4 Rfe8 29. Rfc1 Rec8 30. Nc6 Naxc6 31. dxc6+ Ke6 32. Ne1 Rf8 33. Nd3 Nc8 34. a5 Na7 35. f4 Rbd8 36. R1c2 Nb5 37. Rf2 g6 38. Ra2 h5 39. fxe5 dxe5 40. Nc5+ Ke7 41. Nxa6 Rc8 42. Rc5 Kd6 43. Rxb5 Ra8 44. Rd5+ Ke7 45. Nxc7 Rac8 46. Rd7+ Kf6 47. h4 Rxc7 48. Rxc7 Ke6 49. Rd2 Rb8 50. Rb7 Rc8 51. c7 Ke7 52. Rd8 Rxd8 53. c8Q+ Ke8 54. Qe6+ Kf8 55. Qf7# 1-0